Missing Word: Twenty One Pilots Quiz Stats

 Plays Quiz Updated May 24, 2019

Score 0/20 Timer 02:00
1 Play Today
Album Missing Word % Correct
Blurryface (2015)Out
95.4%
Regional at Best (2011)You
91.6%
Vessel (2013)Car
91.3%
Blurryface (2015)Tear
88.9%
Vessel (2013)House
88.6%
Blurryface (2015)Fairly
87.8%
Regional at Best (2011)Sink
87.5%
Blurryface (2015)Believe
86.9%
Regional at Best (2011)Ode
86.2%
Trench (2018)Niners
85.6%
Album Missing Word % Correct
Twenty One Pilots (2009)Addict
85.4%
Vessel (2013)Run
84.4%
Trench (2018)Neon
84.4%
Trench (2018)Cut
84%
Twenty One Pilots (2009)Start
83.9%
Vessel (2013)Fake
82.6%
Trench (2018)Cheetah
82.4%
Twenty One Pilots (2009)Sea
81.2%
Twenty One Pilots (2009)Proof
77.7%
Regional at Best (2011)Glowing
76%

Today's Daily Dose

Missing Word
1940s A-Z

Quick Pick
'S' Athletes

Get the Picture
Depp or Bonham Carter

You're not logged in!

Compare scores with friends on all Sporcle quizzes.
OR
Log In

Sporcle TV

Today on Sporcle TV


Watch our educational content, quiz creation guides, and fun videos on Sporcle TV.

Show Comments

Extras

Top Quizzes Today


Score Distribution

Your Account Isn't Verified!

In order to create a playlist on Sporcle, you need to verify the email address you used during registration. Go to your Sporcle Settings to finish the process.

Report this User

Report this user for behavior that violates our Community Guidelines.

Details: